Normal view
MARC view
- Tropical crops
Entry Topical Term
001 - CONTROL NUMBER
- control field: 15819
003 - CONTROL NUMBER IDENTIFIER
- control field: OSt
005 - DATE AND TIME OF LATEST TRANSACTION
- control field: 20260521120306.0
008 - FIXED-LENGTH DATA ELEMENTS
- fixed length control field: 260521|| aca||aabn | a|a d
040 ## - CATALOGING SOURCE
- Original cataloging agency: OSt
- Transcribing agency: OSt
150 ## - HEADING--TOPICAL TERM
- Topical term or geographic name entry element: Tropical crops
- General subdivision: Diseases and pests
670 ## - SOURCE DATA FOUND
- Source citation: Work cat.: (OSt)6220: Hill, Dennis S., 1934- author 15817, Pests and diseases of tropical crops /, 1982-1988.